| 000 | 01865cac a2200385 i 4500 | ||
|---|---|---|---|
| 003 | EG-GICUC | ||
| 005 | 20260121101542.0 | ||
| 008 | 080915s2009 txu frb 001 0 eng d | ||
| 020 |
_a9780735565531 _qpbk. : alk. paper |
||
| 020 |
_a0735565538 _qpbk. : alk. paper |
||
| 040 |
_aDLC _cDLC _dBTCTA _dNDL _dDLC _dEG-GICUC _beng _erda |
||
| 050 | 0 | 0 |
_aKZ7050 _b.S59 2009 |
| 082 | 0 | 0 |
_a343.5 _222 |
| 092 | 0 | 4 | _221 |
| 099 | _aLaw 10 2009 | ||
| 100 | 1 | _aSlye, Ronald. | |
| 245 | 1 | 0 |
_aInternational criminal law : _bessentials / _cRonald C. Slye, Beth Van Schaack . |
| 264 |
_aAustin : _bWolters Kluwer Law & Business ; _aNew York, NY : _bAspen Publishers, _c2009. |
||
| 300 |
_axxi, 354 page ; _c22 cm. |
||
| 336 |
_atext _btxt _2rdacontent |
||
| 337 |
_aunmediated _bn _2rdamedia |
||
| 338 |
_avolume _bnc _2rdacarrier |
||
| 490 | 1 | _aEssentials | |
| 504 | _aIncludes bibliographical references (p. 323-336) and index. | ||
| 505 | 0 | _aA concise history of international criminal law -- Sovereignty, jurisdiction, and power -- The making of international criminal law -- The internationalization of crimes -- The principle of legality in international criminal law -- The legal regulation of armed conflict -- The crimes of terrorism -- Genocide and crimes against humanity -- Immunities, amnesties, and excuses -- Forms of individual responsibility -- International criminal law and its alternatives : truth, justice, reconciliation, and memory. | |
| 650 | 0 | _aInternational criminal law. | |
| 650 | 0 | _aCrimes against humanity (International law). | |
| 650 | 0 | _aWar crimes. | |
| 700 | 1 | _aVan Schaack, Beth. | |
| 830 | 0 | _aEssentials (Aspen Publishers) | |
| 856 | 4 | 1 | _uhttps://fll.law.cu.edu.eg/fulltext/bks/ENGB10-00099.pdf |
| 856 | 4 | 1 |
_3Table of contents only _uhttp://www.loc.gov/catdir/toc/ecip0828/2008040741.html |
| 905 | _a10 | ||
| 942 |
_2ddc _cBK _e21 _n0 |
||
| 999 |
_c52817 _d52817 |
||